Представление документа в формате MARC21

Поле Инд. ПП Название Значение
Тип записи a
Библиографический уровень m
001 Контрольный номер f1167aad-f0b4-46ad-8728-6a968522daaf
005 Дата корректировки 20131112014856.6
008 Кодируемые данные 20010116s?a aznnnabbn zn aan
020 a ISBN 5-06-001249-2 (в пер.)
c Цена, тираж 0.90
040 a Служба первич. каталог. RU-RKP
040 a Служба первич. каталог. НБ ТвГУ
041 a Код языка текста rus
080 a Индекс УДК 539.1(075.8)
084 a Индекс другой классификации/Индекс ББК В38я731-1
090 x Авторский знак Н54
a Полочн. индекс В38
100 1_ a Автор Нерсесов Эдуард Аристакесович
245 10 a Заглавие Основные законы атомной и ядерной физики
b Продолж. заглавия [учеб. пособие для физ. спец. вузов]
c Ответственность Э. А. Нерсесов
260 0_ a Место издания Москва
b Издательство Высшая школа
c Дата издания 1988
300 a Объем 287, [1] с.
b Иллюстрации/ тип воспроизводства ил.
504 a Библиография Предм. указ.: с. 284-286
650 a Основная рубрика Атомная физика
x Основная подрубрика Учебники и пособия
650 a Основная рубрика Ядерная физика
x Основная подрубрика Учебники и пособия
653 a Ключевые слова Молекулярная физика
a Ключевые слова Учебники
852 t Порядковый номер экземпляра 1
p Инвентарный номер 585477
930 a Новая/Ретро учебники
999 a Подразделение 2 Фил3